[Event "Campeonato de Aragon por Equipos 2025 - "]
[Site "?"]
[Date "2025.03.22"]
[Round "9.41"]
[White "Vallverdu Miret, Oscar"]
[Black "Climente Martinez, Jose Luis"]
[Result "0-1"]
[WhiteElo "2028"]
[BlackElo "2021"]
[PlyCount "70"]
[GameId "2166500346487478"]
[EventDate "2025.01.25"]
[WhiteTeam "Fraga"]
[BlackTeam "Palacio De Pioneros B"]

1. d4 Nf6 2. Nc3 d5 3. Bf4 c6 4. e3 Bf5 5. f3 e6 6. g4 Bg6 7. h4 h6 8. h5 Bh7 9. Bd3 Nbd7 10. Nge2 Be7 11. Qd2 Nb6 12. O-O-O Nc4 13. Bxc4 dxc4 14. e4 b5 15. Nb1 Qb6 16. Ng3 b4 17. Qe3 Qa5 18. a3 bxa3 19. bxa3 O-O 20. Kb2 Nd7 21. Qc3 Qb5+ 22. Ka2 Nb6 23. Nd2 Na4 24. Qa1 Qa5 25. Ne2 Qa6 26. Nc3 Bxa3 27. Kxa3 Nxc3+ 28. Kb4 Na2+ 29. Qxa2 Qxa2 30. Nxc4 Qxc2 31. Rc1 a5+ 32. Kc5 Qd3 33. Rhf1 Rfd8 34. Bd6 a4 35. Rfe1 Qxf3 0-1

[Event "Campeonato de Aragon por Equipos 2025 - "]
[Site "?"]
[Date "2025.03.22"]
[Round "9.42"]
[White "Gomez Salinas, Nestor"]
[Black "Aribau Rivas, Miguel Angel"]
[Result "0-1"]
[WhiteElo "1978"]
[BlackElo "1987"]
[PlyCount "88"]
[GameId "2166500346585783"]
[EventDate "2025.01.25"]
[WhiteTeam "Palacio De Pioneros B"]
[BlackTeam "Fraga"]

1. e4 c5 2. Nf3 g6 3. d4 cxd4 4. Nxd4 Bg7 5. Nc3 Nc6 6. Be3 Nf6 7. Be2 O-O 8. Qd2 d5 9. Nxc6 bxc6 10. e5 Nd7 11. f4 f6 12. Nxd5 fxe5 13. c3 Nb6 14. Nxb6 Qxd2+ 15. Kxd2 axb6 16. Bc4+ Kh8 17. fxe5 Bxe5 18. Rae1 b5 19. Bb3 Bf5 20. Rhf1 Bf6 21. h3 Rfd8+ 22. Kc1 Bd3 23. Rf2 Kg7 24. Bc5 Bg5+ 25. Be3 Bf6 26. Bc5 Bg5+ 27. Be3 Bf6 28. g3 h6 29. h4 Bf5 30. Bc5 Rd7 31. Rf4 Re8 32. Be6 Bxe6 33. Rxe6 Rd3 34. Rfxf6 exf6 35. Rxe8 Rxg3 36. Re7+ Kg8 37. Kd2 Rg2+ 38. Re2 Rg4 39. Bf2 Kf7 40. Kd3 f5 41. b3 g5 42. hxg5 hxg5 43. Ke3 Re4+ 44. Kf3 g4+ 0-1

[Event "Campeonato de Aragon por Equipos 2025 - "]
[Site "?"]
[Date "2025.03.22"]
[Round "9.43"]
[White "Agustin De Dios, Adrian"]
[Black "Caballero Ortin, Jorge"]
[Result "1/2-1/2"]
[WhiteElo "1865"]
[BlackElo "1831"]
[PlyCount "91"]
[GameId "2166500346630840"]
[EventDate "2025.01.25"]
[WhiteTeam "Fraga"]
[BlackTeam "Palacio De Pioneros B"]

1. e4 c6 2. Nc3 d5 3. Nf3 dxe4 4. Nxe4 Nf6 5. Qe2 Nxe4 6. Qxe4 Qa5 7. Bc4 Bf5 8. Qe2 e6 9. O-O Be7 10. d4 O-O 11. c3 Nd7 12. Bf4 Bg4 13. h3 Qf5 14. Bg3 Bxf3 15. Qxf3 Qxf3 16. gxf3 Nb6 17. Bb3 Rad8 18. Rfe1 Bd6 19. a3 Nd5 20. Bh4 Rde8 21. Bg3 Nf4 22. Bxf4 Bxf4 23. Re4 Bc7 24. Rae1 Rd8 25. R1e2 g6 26. Kg2 Kg7 27. f4 Bb6 28. Rd2 Rd6 29. Rd1 Rfd8 30. Ree1 a6 31. Kf3 c5 32. dxc5 Rxd1 33. Rxd1 Rxd1 34. Bxd1 Bxc5 35. b4 Bd6 36. a4 f5 37. b5 axb5 38. axb5 b6 39. c4 Kf6 40. Be2 Bc5 41. Kg3 Bd4 42. Bf3 Bc5 43. Bc6 Bd4 44. Kf3 Bc5 45. Kg3 Bd4 46. Kf3 1/2-1/2

[Event "Campeonato de Aragon por Equipos 2025 - "]
[Site "?"]
[Date "2025.03.22"]
[Round "9.45"]
[White "Barranco Mananet, Fernando"]
[Black "Ballarin Corvinos, Jorge"]
[Result "1-0"]
[WhiteElo "1949"]
[BlackElo "1865"]
[PlyCount "27"]
[GameId "2166500346700474"]
[EventDate "2025.01.25"]
[WhiteTeam "Monzon"]
[BlackTeam "Binefar"]

1. e4 c5 2. c3 d5 3. exd5 Qxd5 4. d4 cxd4 5. cxd4 Nc6 6. Nf3 Bg4 7. Nc3 Qd8 8. d5 Ne5 9. Nxe5 Bxd1 10. Bb5+ Qd7 11. Bxd7+ Kd8 12. Nxf7+ Kxd7 13. Kxd1 g6 14. Nxh8 1-0

[Event "Campeonato de Aragon por Equipos 2025 - "]
[Site "?"]
[Date "2025.03.22"]
[Round "9.46"]
[White "Rosa Garcia, Jesus"]
[Black "Rodriguez Aranda, Kevin"]
[Result "0-1"]
[WhiteElo "1842"]
[BlackElo "1883"]
[PlyCount "154"]
[GameId "2166500346737339"]
[EventDate "2025.01.25"]
[WhiteTeam "Binefar"]
[BlackTeam "Monzon"]

1. b4 d5 2. Bb2 Nf6 3. e3 Bf5 4. Nf3 e6 5. a3 Nbd7 6. Be2 Bd6 7. d3 c5 8. c3 O-O 9. O-O Qc7 10. Nbd2 e5 11. Nh4 Be6 12. g3 Bh3 13. Re1 e4 14. dxe4 Nxe4 15. Bf3 Ndf6 16. Rc1 Rfe8 17. c4 dxc4 18. Rxc4 Nxd2 19. Qxd2 Rad8 20. Qe2 Nd7 21. Bg4 b5 22. Rcc1 Bxg4 23. Qxg4 Be5 24. Bxe5 Nxe5 25. Qe2 Nd3 26. bxc5 Nxe1 27. Qxe1 Rd5 28. Qb4 Qc6 29. Nf3 a5 30. Qxa5 Rxc5 31. Rxc5 Qxc5 32. Nd4 Rc8 33. Qxb5 Qc1+ 34. Kg2 Qxa3 35. Nf5 Qa8+ 36. Kh3 Qe4 37. Qd7 Ra8 38. Qd5 Qa4 39. Qc6 Qxc6 40. Ne7+ Kf8 41. Nxc6 Ra2 42. Kg2 Ke8 43. Kf3 Kd7 44. Nd4 g6 45. Kg2 Kd6 46. Nf3 h6 47. Nd4 Ke5 48. Kf3 f5 49. Nc6+ Kf6 50. Nb4 Rd2 51. Nc6 Ke6 52. Nd4+ Kd5 53. Ne2 g5 54. Nd4 Ke5 55. Nc6+ Kf6 56. Kg2 h5 57. Nd4 Ke5 58. Nc6+ Ke4 59. h3 f4 60. exf4 gxf4 61. gxf4 Kxf4 62. Ne7 Rd6 63. Nc8 Rg6+ 64. Kh2 Kf3 65. Ne7 Rg2+ 66. Kh1 Rxf2 67. Nf5 Kf4 68. Kg1 Rd2 69. Nh4 Kg3 70. Nf5+ Kxh3 71. Ne3 h4 72. Nf5 Kg4 73. Ne3+ Kf3 74. Nf5 h3 75. Nh4+ Kf4 76. Kh1 Kg4 77. Ng6 Kg3 0-1

[Event "Campeonato de Aragon por Equipos 2025 - "]
[Site "?"]
[Date "2025.03.22"]
[Round "9.47"]
[White "Sanroman Perez, Luis"]
[Black "Arino Castan, Federico"]
[Result "1/2-1/2"]
[WhiteElo "1737"]
[BlackElo "1812"]
[PlyCount "69"]
[GameId "2166500346778300"]
[EventDate "2025.01.25"]
[WhiteTeam "Monzon"]
[BlackTeam "Binefar"]

1. e4 e6 2. d4 d5 3. Nd2 c5 4. exd5 exd5 5. Ngf3 Nc6 6. c3 Bg4 7. Be2 Bd6 8. dxc5 Bxc5 9. O-O Nge7 10. h3 Bh5 11. Nb3 Bb6 12. Bf4 O-O 13. Re1 Re8 14. Qd2 Bc7 15. Rad1 Qb8 16. Bxc7 Qxc7 17. Nbd4 Rad8 18. g4 Bg6 19. Bd3 h6 20. Re2 Bxd3 21. Qxd3 Ng6 22. Rxe8+ Rxe8 23. Re1 Rxe1+ 24. Nxe1 Nf4 25. Qf3 Nxd4 26. cxd4 Qc1 27. Kh2 Nxh3 28. Kxh3 Qxe1 29. Qxd5 Qxf2 30. Qxb7 Qxd4 31. Qc8+ Kh7 32. Qf5+ Kg8 33. Qc8+ Kh7 34. Qf5+ Kg8 35. Qc8+ 1/2-1/2

[Event "Campeonato de Aragon por Equipos 2025 - "]
[Site "?"]
[Date "2025.03.22"]
[Round "9.48"]
[White "Torrente Gayarre, Lorenzo"]
[Black "Luis Vitalla, Fernando"]
[Result "1/2-1/2"]
[WhiteElo "1999"]
[BlackElo "2066"]
[PlyCount "52"]
[GameId "2166500346827453"]
[EventDate "2025.01.25"]
[WhiteTeam "Jaque - Aramovil B"]
[BlackTeam "Atletismo Huesca"]

1. d4 Nf6 2. Nf3 d5 3. e3 c5 4. c3 e6 5. Bd3 Nc6 6. Nbd2 Bd6 7. O-O O-O 8. dxc5 Bxc5 9. b4 Bd6 10. Bb2 a6 11. a3 e5 12. e4 Bg4 13. h3 Bh5 14. g4 Bg6 15. Qe2 Re8 16. c4 dxe4 17. Nxe4 Nd4 18. Nxd4 exd4 19. f3 Nxe4 20. fxe4 Qe7 21. c5 Bc7 22. Bxd4 Bxe4 23. Bc4 Bg6 24. Qxe7 Rxe7 25. Rfe1 Rae8 26. Bc3 h5 1/2-1/2

[Event "Campeonato de Aragon por Equipos 2025 - "]
[Site "?"]
[Date "2025.03.22"]
[Round "9.49"]
[White "Bellosta Lopez, Pablo"]
[Black "Montoro Mavilla, Sergio"]
[Result "0-1"]
[WhiteElo "1996"]
[BlackElo "1944"]
[PlyCount "120"]
[GameId "2166500346864318"]
[EventDate "2025.01.25"]
[WhiteTeam "Atletismo Huesca"]
[BlackTeam "Jaque - Aramovil B"]

1. Nf3 Nf6 2. g3 d5 3. Bg2 Bf5 4. O-O e6 5. d3 Be7 6. Nbd2 c6 7. Re1 h6 8. b3 O-O 9. Bb2 Bh7 10. e4 Na6 11. Qe2 Rc8 12. e5 Nd7 13. a3 Qb6 14. Rac1 Rfd8 15. h4 c5 16. g4 Nf8 17. g5 hxg5 18. Nxg5 Bf5 19. Qh5 Bg6 20. Qg4 Bf5 21. Qh5 Bg6 22. Qg4 Bf5 23. Qg3 Rd7 24. Nf1 Qd8 25. Ne3 Bxg5 26. hxg5 Bg6 27. f4 c4 28. bxc4 dxc4 29. dxc4 Qb6 30. Ba1 Rxc4 31. Rb1 Qc5 32. Bxb7 Nc7 33. Qf2 Ra4 34. Bb2 Nb5 35. Ng2 Qxf2+ 36. Kxf2 Rxb7 37. Bc1 Bxc2 38. Rb2 Bg6 39. Re3 a6 40. Bd2 Rd7 41. Bb4 Nc7 42. Bd6 Ne8 43. Bb4 Rb7 44. Rd2 Rb8 45. Rc3 a5 46. Bc5 Rc8 47. Ke3 Be4 48. Ne1 Bd5 49. Nd3 Ng6 50. Rf2 Re4+ 51. Kd2 Rc6 52. Rc1 Rc4 53. Ba7 Rxc1 54. Nxc1 Nc7 55. Kd3 Rxc1 56. Bb6 a4 57. Rb2 Bb3 58. Be3 Rc6 59. Rf2 Nd5 60. f5 Nxe5+ 0-1

[Event "Campeonato de Aragon por Equipos 2025 - "]
[Site "?"]
[Date "2025.03.22"]
[Round "9.50"]
[White "Abadias Banzo, Javier"]
[Black "Gella Bitrian, Diego"]
[Result "0-1"]
[WhiteElo "1732"]
[BlackElo "1990"]
[PlyCount "83"]
[GameId "2166500346897087"]
[EventDate "2025.01.25"]
[WhiteTeam "Jaque - Aramovil B"]
[BlackTeam "Atletismo Huesca"]

1. b3 d5 2. Bb2 c5 3. e3 Nc6 4. f4 Nf6 5. Nf3 Bf5 6. Bb5 a6 7. Bxc6+ bxc6 8. Ne5 Qc8 9. O-O h5 10. d3 e6 11. Nd2 Be7 12. Qe1 O-O 13. e4 Bh7 14. Nef3 Nd7 15. Qg3 f6 16. Qh3 Nb6 17. Qxh5 c4 18. Qg4 cxd3 19. cxd3 Rf7 20. Nh4 Bb4 21. Ndf3 dxe4 22. dxe4 Bxe4 23. Kh1 Nd5 24. Ng6 Ne3 25. Qh5 Bxg6 26. Qxg6 Nxf1 27. Rxf1 Qd7 28. Qe4 Bc5 29. Rc1 Qd6 30. Qc4 Be3 31. Qxc6 Qxc6 32. Rxc6 Bxf4 33. Rxe6 Rc7 34. Re2 Rac8 35. g3 Bc1 36. Bd4 Rc2 37. Ng1 Rxe2 38. Nxe2 Rc2 39. Nc3 Bb2 40. a4 Bxc3 41. Bc5 a5 42. b4 0-1

[Event "Campeonato de Aragon por Equipos 2025 - "]
[Site "?"]
[Date "2025.03.22"]
[Round "9.51"]
[White "Molina Cubero-Luna, German"]
[Black "Vizcarra Susin, Sergio"]
[Result "1-0"]
[WhiteElo "1915"]
[BlackElo "1631"]
[PlyCount "111"]
[GameId "2166500346987200"]
[EventDate "2025.01.25"]
[WhiteTeam "Atletismo Huesca"]
[BlackTeam "Jaque - Aramovil B"]

1. d4 d5 2. Nf3 Nf6 3. e3 e6 4. Bd3 c5 5. O-O Bd6 6. Nbd2 c4 7. Be2 b5 8. Ne5 Bb7 9. f4 O-O 10. Qe1 Ne4 11. a4 f6 12. Nef3 a6 13. Qh4 Nd7 14. c3 Be7 15. g4 f5 16. g5 g6 17. Ne5 Nxe5 18. dxe5 Qb6 19. Nf3 Rfe8 20. Nd4 Bc5 21. a5 Qc7 22. Qe1 Qe7 23. h4 b4 24. Bf3 Bxd4 25. exd4 b3 26. Kg2 Bc6 27. h5 Kg7 28. Rh1 Rh8 29. Be3 Rag8 30. Rh4 h6 31. Bxe4 dxe4 32. Qe2 hxg5 33. fxg5 Bb5 34. Rah1 Qf7 35. hxg6 Qxg6 36. Rh6 Qe8 37. Qf2 Kf7 38. Qh4 Rxh6 39. Qxh6 Rg6 40. Qh7+ Rg7 41. Qh4 Rg6 42. Qf4 Qg8 43. Rh5 Rg7 44. Qh4 Be8 45. d5 exd5 46. Qf4 Ke6 47. Rh6+ Rg6 48. Qh4 Rxh6 49. Qxh6+ Qg6 50. Qf8 Kd7 51. Kg3 Bf7 52. Kf4 Qh5 53. Qd6+ Ke8 54. Qb8+ Ke7 55. Qb7+ Ke8 56. Qc8+ 1-0

[Event "Campeonato de Aragon por Equipos 2025 - "]
[Site "?"]
[Date "2025.03.22"]
[Round "9.52"]
[White "Anson Casaos, Alejandro"]
[Black "Carruez Berges, Santiago"]
[Result "0-1"]
[WhiteElo "1907"]
[BlackElo "1910"]
[PlyCount "84"]
[GameId "2166500347028161"]
[EventDate "2025.01.25"]
[WhiteTeam "Helios B"]
[BlackTeam "Agrupacion B"]

1. e4 e6 2. d4 d5 3. Nd2 Be7 4. Bd3 c5 5. exd5 exd5 6. dxc5 Nf6 7. Ngf3 Bxc5 8. O-O O-O 9. c3 Nc6 10. Nb3 Bb6 11. Bg5 Re8 12. Bc2 h6 13. Bxf6 Qxf6 14. Qd3 g6 15. Qd2 Bg4 16. Bd1 Kg7 17. Nfd4 Ne5 18. Bxg4 Nxg4 19. h3 Ne5 20. Kh1 Re7 21. Rad1 Nc4 22. Qc1 Rae8 23. Nd2 Bxd4 24. Nxc4 dxc4 25. Rxd4 Re2 26. f3 b5 27. b4 Rxa2 28. Rd2 Re2 29. Rxa2 Rxa2 30. Qe3 Qg5 31. Qd4+ Kh7 32. Rg1 a6 33. Qd7 Kg7 34. Qd4+ Qf6 35. Qe3 Qd6 36. Re1 Qf6 37. Rg1 Kh7 38. f4 Qd6 39. Qe4 Qe6 40. Qb7 Rc2 41. Rd1 Rxc3 42. Rd8 Qe1+ 0-1

[Event "Campeonato de Aragon por Equipos 2025 - "]
[Site "?"]
[Date "2025.03.22"]
[Round "9.53"]
[White "Guerra Perez, Rafael"]
[Black "Sgibnev Huayllani, Daniel Vladimir"]
[Result "1-0"]
[WhiteElo "1848"]
[BlackElo "1759"]
[PlyCount "55"]
[GameId "2166500347065026"]
[EventDate "2025.01.25"]
[WhiteTeam "Agrupacion B"]
[BlackTeam "Helios B"]

1. d4 Nf6 2. Bf4 d6 3. Nf3 g6 4. h3 Bg7 5. e3 O-O 6. Bd3 Nbd7 7. O-O Re8 8. Bg5 b6 9. c3 Bb7 10. Nbd2 c5 11. Re1 e5 12. e4 exd4 13. cxd4 Qc7 14. Rc1 h6 15. Bf4 Nh5 16. Bh2 Rad8 17. Nc4 Nf8 18. Qb3 Ne6 19. d5 Nef4 20. Bf1 g5 21. a4 a6 22. Nxb6 Rb8 23. a5 Bc8 24. Qa4 Re7 25. b4 Bd7 26. Qd1 g4 27. hxg4 Bxg4 28. bxc5 1-0

[Event "Campeonato de Aragon por Equipos 2025 - "]
[Site "?"]
[Date "2025.03.22"]
[Round "9.54"]
[White "Garcia Modrego, Victoria"]
[Black "Palasi Mainar, Miguel Angel"]
[Result "0-1"]
[WhiteElo "1652"]
[BlackElo "1846"]
[PlyCount "62"]
[GameId "2166500347097795"]
[EventDate "2025.01.25"]
[WhiteTeam "Helios B"]
[BlackTeam "Agrupacion B"]

1. e4 c5 2. c3 d5 3. exd5 Qxd5 4. d4 Nc6 5. Nf3 Nf6 6. Na3 Bg4 7. Be2 cxd4 8. Nb5 O-O-O 9. Nbxd4 e5 10. Nxc6 Qxc6 11. Qc2 Bd6 12. Be3 Kb8 13. O-O-O h6 14. h3 Be6 15. Kb1 Bd5 16. Ka1 Ka8 17. Rhe1 Rhe8 18. c4 Be4 19. Qb3 Nd7 20. Rc1 Bc5 21. Red1 Rc8 22. Bxc5 Nxc5 23. Qc3 Bg6 24. Rd5 f6 25. Rcd1 Qc7 26. Qa3 Be4 27. Rd6 Bf5 28. g4 Be6 29. R6d2 Ne4 30. Rc2 Nxf2 31. Bf1 Nxd1 0-1

[Event "Campeonato de Aragon por Equipos 2025 - "]
[Site "?"]
[Date "2025.03.22"]
[Round "9.55"]
[White "Pellicer Cerezuela, Miguel"]
[Black "Gracia Campo, Carlos Alberto"]
[Result "1/2-1/2"]
[WhiteElo "2042"]
[BlackElo "2011"]
[PlyCount "83"]
[GameId "2166500347130564"]
[EventDate "2025.01.25"]
[WhiteTeam "L'Aurora Estadilla M64"]
[BlackTeam "El Olivar B"]

1. d4 Nf6 2. Bf4 g6 3. Nc3 Bg7 4. e4 d6 5. Qd2 c6 6. O-O-O b5 7. f3 a5 8. Bh6 Bxh6 9. Qxh6 b4 10. Na4 Ba6 11. Bxa6 Rxa6 12. e5 Nd5 13. exd6 exd6 14. Nh3 Qf6 15. Rhe1+ Kd8 16. Qd2 Nd7 17. Qd3 Ra8 18. Kb1 Kc7 19. Re4 Rhb8 20. Rde1 N7b6 21. Nxb6 Rxb6 22. g3 g5 23. f4 g4 24. Nf2 h5 25. Nd1 Rd8 26. Ne3 Nxe3 27. R4xe3 Rb5 28. d5 Rxd5 29. Qa6 Qd4 30. Re7+ Rd7 31. Rxd7+ Kxd7 32. Qb7+ Kd8 33. Qb8+ Kd7 34. Qe8+ Kc7 35. b3 Rb5 36. Qxf7+ Kb6 37. Qe8 Qd2 38. Qb8+ Ka6 39. Qa8+ Kb6 40. Qb8+ Ka6 41. Qa8+ Kb6 42. Qb8+ 1/2-1/2

[Event "Campeonato de Aragon por Equipos 2025 - "]
[Site "?"]
[Date "2025.03.22"]
[Round "9.57"]
[White "Felez Casedas, Carlos"]
[Black "Jaso Escudero, Julen"]
[Result "1/2-1/2"]
[WhiteElo "1977"]
[BlackElo "1925"]
[PlyCount "134"]
[GameId "2166500347204294"]
[EventDate "2025.01.25"]
[WhiteTeam "L'Aurora Estadilla M64"]
[BlackTeam "El Olivar B"]

1. d4 d5 2. Bf4 Nf6 3. e3 c5 4. c3 Nc6 5. Nd2 Bf5 6. Qb3 Qc8 7. Ngf3 e6 8. h3 h6 9. Ne5 a6 10. Ndf3 Nd7 11. Be2 Be7 12. O-O O-O 13. Nxc6 Qxc6 14. dxc5 Nxc5 15. Qd1 Qb6 16. b4 Ne4 17. Rc1 Rac8 18. Qb3 Rfd8 19. a3 a5 20. Rfd1 Nc5 21. Qa2 Ne4 22. Qb3 a4 23. Qb2 Bf6 24. Be5 Bxe5 25. Nxe5 Nc5 26. Bd3 Bxd3 27. Nxd3 Ne4 28. Nf4 Rc4 29. Ne2 Rdc8 30. Rd4 Qd6 31. Rxc4 Rxc4 32. f3 Nf6 33. Qc2 b5 34. Nd4 e5 35. Ne2 Rc8 36. Qd3 Qc6 37. Rd1 Re8 38. Kf2 Kf8 39. g4 Rd8 40. h4 e4 41. Qd4 exf3 42. Kxf3 Re8 43. g5 hxg5 44. hxg5 Ne4 45. Qxd5 Nxg5+ 46. Kg4 Re4+ 47. Nf4 Qxd5 48. Rxd5 Ne6 49. Kf3 Rc4 50. Nxe6+ fxe6 51. Rxb5 Rxc3 52. Ra5 Rxa3 53. b5 Rb3 54. Rxa4 Rxb5 55. Ra7 Kg8 56. Re7 Rb6 57. Kf4 Kh7 58. Ke5 Kh6 59. Rxe6+ Rxe6+ 60. Kxe6 g5 61. Kf5 Kh5 62. e4 g4 63. e5 g3 64. e6 g2 65. e7 g1=Q 66. e8=Q+ Kh4 67. Qh8+ Kg3 1/2-1/2

[Event "Campeonato de Aragon por Equipos 2025 - "]
[Site "?"]
[Date "2025.03.22"]
[Round "9.59"]
[White "Miranda Herrera, Belen"]
[Black "Malo Guillen, Jose Luis"]
[Result "1/2-1/2"]
[WhiteElo "2051"]
[BlackElo "2093"]
[PlyCount "67"]
[GameId "2166500347278024"]
[EventDate "2025.01.25"]
[WhiteTeam "MyInvestor Casablanca C"]
[BlackTeam "Las Fuentes"]

1. e4 e5 2. Nf3 Nc6 3. Bb5 Nf6 4. O-O Bc5 5. d3 d6 6. Re1 O-O 7. h3 a6 8. Ba4 b5 9. Bb3 Na5 10. Nbd2 h6 11. Nf1 Nxb3 12. axb3 Re8 13. Ng3 d5 14. exd5 Qxd5 15. c4 bxc4 16. bxc4 Qd6 17. Bd2 Bb7 18. Bc3 e4 19. Nxe4 Nxe4 20. dxe4 Rxe4 21. Rxe4 Bxe4 22. Qxd6 Bxd6 23. Nd4 f6 24. Rd1 Kf7 25. f3 Bb7 26. Kf1 g6 27. Nb3 Bc6 28. Na5 Ba4 29. Ra1 Bd7 30. Nb7 Bc6 31. Nxd6+ cxd6 32. Rd1 Rd8 33. Kf2 Rd7 34. Rd2 1/2-1/2

[Event "Campeonato de Aragon por Equipos 2025 - "]
[Site "?"]
[Date "2025.03.22"]
[Round "9.60"]
[White "Alonso Blasco, Jose Miguel"]
[Black "Antonano Fernandez-Quincoces, Avelino"]
[Result "1/2-1/2"]
[WhiteElo "1938"]
[BlackElo "1978"]
[PlyCount "71"]
[GameId "2166500347314889"]
[EventDate "2025.01.25"]
[WhiteTeam "Las Fuentes"]
[BlackTeam "MyInvestor Casablanca C"]

1. e4 c5 2. Nf3 g6 3. c3 Bg7 4. d4 cxd4 5. cxd4 d5 6. e5 Bg4 7. Bb5+ Nc6 8. Nbd2 Nh6 9. O-O O-O 10. h3 Bxf3 11. Nxf3 Rc8 12. Bg5 f6 13. exf6 exf6 14. Bxh6 Bxh6 15. Qb3 Rf7 16. Rfe1 a6 17. Bd3 Na5 18. Qb4 Bf8 19. Qa4 b5 20. Qd1 Nc4 21. Rb1 Qd7 22. b3 Nd6 23. Rc1 Bh6 24. Rc5 Nb7 25. Rc2 Rxc2 26. Qxc2 Rf8 27. Qe2 Kf7 28. a4 Nd6 29. Ra1 Re8 30. Qf1 Rc8 31. axb5 axb5 32. Qe1 Qc7 33. g3 Bf8 34. Kg2 Qb7 35. Ra5 Ra8 36. Qa1 1/2-1/2

[Event "Campeonato de Aragon por Equipos 2025 - "]
[Site "?"]
[Date "2025.03.22"]
[Round "9.61"]
[White "Cebollada Pacheco, Jesus Raul"]
[Black "Mombiela De Sus, Jose Luis"]
[Result "1/2-1/2"]
[WhiteElo "1942"]
[BlackElo "1918"]
[PlyCount "38"]
[GameId "2166500347417290"]
[EventDate "2025.01.25"]
[WhiteTeam "MyInvestor Casablanca C"]
[BlackTeam "Las Fuentes"]

1. e4 e6 2. d4 d5 3. Nd2 Nc6 4. Ngf3 Nf6 5. e5 Nd7 6. Bb5 a6 7. Bxc6 bxc6 8. Nb3 c5 9. Bg5 Be7 10. Na5 Nxe5 11. Nxe5 Bxg5 12. dxc5 O-O 13. O-O f6 14. Nf3 Bh6 15. c4 Qe8 16. cxd5 Qh5 17. b4 exd5 18. Nd4 Bg4 19. Qd3 Rae8 1/2-1/2

[Event "Campeonato de Aragon por Equipos 2025 - "]
[Site "?"]
[Date "2025.03.22"]
[Round "9.62"]
[White "Pascual Sese, Lucas"]
[Black "Alvarez Gonzalo, Miguel Angel"]
[Result "1-0"]
[WhiteElo "1853"]
[BlackElo "1808"]
[PlyCount "101"]
[GameId "2166500347458251"]
[EventDate "2025.01.25"]
[WhiteTeam "Las Fuentes"]
[BlackTeam "MyInvestor Casablanca C"]

1. d4 Nf6 2. Bf4 e6 3. e3 d5 4. Nf3 c5 5. c3 Nc6 6. Bd3 Be7 7. Nbd2 Qb6 8. Qb1 g6 9. h3 O-O 10. O-O Re8 11. Ne5 cxd4 12. exd4 Nd7 13. Nxg6 hxg6 14. Bxg6 Nf6 15. Nf3 Kg7 16. Bxf7 Kxf7 17. Qc1 Rg8 18. Be5 Qd8 19. Ng5+ Ke8 20. f4 Ne4 21. Nxe4 dxe4 22. Qd1 Qd5 23. Qh5+ Kd7 24. Qh7 Rf8 25. b3 b5 26. Rac1 Ba6 27. f5 Nxe5 28. dxe5 Qc5+ 29. Kh1 Qxe5 30. Rfd1+ Kc6 31. Qxe7 Rad8 32. Rxd8 Rxd8 33. Qxd8 exf5 34. Rd1 Qe6 35. b4 e3 36. Qa8+ Bb7 37. Qxa7 Qe5 38. Qd4 Qxd4 39. cxd4 Kd5 40. Kg1 Ke4 41. Kf1 Bd5 42. a3 f4 43. h4 Kf5 44. Rc1 Kg4 45. Rc5 Bc4+ 46. Ke1 Kg3 47. Rg5+ Kxh4 48. Rg7 Bd5 49. Ke2 Be4 50. g3+ fxg3 51. Kxe3 1-0

[Event "Campeonato de Aragon por Equipos 2025 - "]
[Site "?"]
[Date "2025.03.22"]
[Round "9.63"]
[White "Muro Guerrero, Miguel"]
[Black "Fuentes Garces, Pedro Jon"]
[Result "1/2-1/2"]
[WhiteElo "2056"]
[BlackElo "1813"]
[PlyCount "64"]
[GameId "2166500347499212"]
[EventDate "2025.01.25"]
[WhiteTeam "Dr. Azua"]
[BlackTeam "Iberajedrez Mundo 64 C"]

1. e4 c5 2. Nf3 Nc6 3. d4 cxd4 4. Nxd4 Nf6 5. Nc3 e5 6. Ndb5 d6 7. Bg5 a6 8. Bxf6 gxf6 9. Na3 b5 10. Nd5 Bg7 11. c3 f5 12. exf5 Bxf5 13. Nc2 O-O 14. Nce3 Bd7 15. Bd3 f5 16. Qh5 e4 17. Bc2 Qe8 18. Qh4 Rc8 19. Bb3 Kh8 20. Nf4 Ne5 21. O-O Ng6 22. Nxg6+ Qxg6 23. Nd5 Bf6 24. Nxf6 Rxf6 25. Qf4 Be6 26. Rfd1 Bc4 27. Rd4 Be2 28. Bd1 Bd3 29. a4 Rg8 30. g3 Rd8 31. axb5 axb5 32. Ra7 Re6 1/2-1/2

[Event "Campeonato de Aragon por Equipos 2025 - "]
[Site "?"]
[Date "2025.03.22"]
[Round "9.64"]
[White "Martinez Sanz, Pablo"]
[Black "Garcia Garcia, Enrique"]
[Result "1-0"]
[WhiteElo "1784"]
[BlackElo "1881"]
[PlyCount "89"]
[GameId "2166500347536077"]
[EventDate "2025.01.25"]
[WhiteTeam "Iberajedrez Mundo 64 C"]
[BlackTeam "Dr. Azua"]

1. c4 c5 2. Nc3 Nc6 3. g3 g6 4. Bg2 Bg7 5. e4 e6 6. Nge2 Nge7 7. O-O O-O 8. a3 d6 9. d3 h6 10. Be3 Nd4 11. Rb1 a5 12. Qd2 Kh7 13. b4 axb4 14. axb4 Nec6 15. b5 Nxe2+ 16. Nxe2 Nb4 17. d4 Ra2 18. Rb2 Rxb2 19. Qxb2 b6 20. Bd2 d5 21. Bxb4 cxb4 22. Qxb4 dxc4 23. Qxc4 e5 24. dxe5 Bxe5 25. f4 Be6 26. Qc2 Bd4+ 27. Kh1 Bc5 28. f5 Bd7 29. Qd3 Qe8 30. Nc3 gxf5 31. Rd1 Bc8 32. Nd5 Qe5 33. Rf1 Be6 34. exf5 Bxd5 35. Qxd5 Qxd5 36. Bxd5 f6 37. Ra1 Re8 38. Be6 Re7 39. Ra8 Kg7 40. Kg2 Bd4 41. Kf3 Bc5 42. Kg4 Bg1 43. h3 Bf2 44. Kh5 Bxg3 45. Rg8+ 1-0

[Event "Campeonato de Aragon por Equipos 2025 - "]
[Site "?"]
[Date "2025.03.22"]
[Round "9.65"]
[White "Cajo Esteban, Ruben"]
[Black "Anadon Moreno, Mario"]
[Result "1/2-1/2"]
[WhiteElo "1867"]
[BlackElo "1779"]
[PlyCount "21"]
[GameId "2166500347572942"]
[EventDate "2025.01.25"]
[WhiteTeam "Dr. Azua"]
[BlackTeam "Iberajedrez Mundo 64 C"]

1. d4 d5 2. Nf3 Nf6 3. c4 e6 4. Nc3 dxc4 5. e3 Be7 6. Bxc4 O-O 7. O-O b6 8. Qe2 Bb7 9. b3 Nc6 10. Bb2 Nb4 11. Rfd1 1/2-1/2

[Event "Campeonato de Aragon por Equipos 2025 - "]
[Site "?"]
[Date "2025.03.22"]
[Round "9.66"]
[White "Lopez Micone, Ezequiel"]
[Black "Perez Artigues, Ramon"]
[Result "1-0"]
[WhiteElo "1731"]
[BlackElo "1576"]
[PlyCount "53"]
[GameId "2166500347605711"]
[EventDate "2025.01.25"]
[WhiteTeam "Iberajedrez Mundo 64 C"]
[BlackTeam "Dr. Azua"]

1. d4 d5 2. Bf4 c5 3. e3 Nc6 4. c3 Qb6 5. Qb3 e6 6. Nd2 Nf6 7. h3 Nh5 8. Bh2 Be7 9. Be2 Nf6 10. Ngf3 O-O 11. Qc2 cxd4 12. exd4 Bd7 13. O-O Rac8 14. Rac1 Rfe8 15. Ne5 Nxd4 16. Qd1 Nxe2+ 17. Qxe2 Qxb2 18. Nd3 Qxa2 19. Ra1 Ne4 20. Rxa2 Nxc3 21. Qh5 g6 22. Qf3 Nxa2 23. Ne5 Bb5 24. Qxf7+ Kh8 25. Nxg6+ hxg6 26. Be5+ Bf6 27. Bxf6# 1-0